Statistiken für Kleinste Deutsche Städte mit Professioneller Frauenfußballmannschaft

Klicken Sie hier um das Quiz zu spielen!

Allgemein

  • Dieses Quiz wurde 73 mal gespielt
  • Das Durchschnittsergebnis liegt bei 4 aus 20

Antwortstatistiken

LigaBevölkerung
Verein
Antwort% Korrekt
Derzeit in 1. Bundesliga126kVfL WolfsburgWolfsburg
65%
Derzeit in 1. Bundesliga36.6kTSG 1899 HoffenheimSinsheim
57%
Derzeit in 1. oder 2. Bundesliga36.6kTSG 1899 HoffenheimSinsheim
57%
Derzeit in 1. oder 2. Bundesliga10.1kSC Sand
Willstätt
56%
Derzeit in 1. Bundesliga236kSC FreiburgFreiburg im Breisgau
47%
Derzeit in 1. Bundesliga166kBayer 04 LeverkusenLeverkusen
35%
Derzeit in 1. Bundesliga502kMSV DuisburgDuisburg
34%
Derzeit in 1. oder 2. Bundesliga30.1kSG 99 AndernachAndernach
13%
Derzeit in 1. oder 2. Bundesliga
102k
FSV Gütersloh 2009Gütersloh
13%
Jemals 1. oder 2. Bundesliga3131SV 67 WeinbergAurach (Landkreis Ansbach)
10%
Derzeit in 1. oder 2. Bundesliga3131SV 67 WeinbergAurach (Landkreis Ansbach)
10%
Jemals 1. Bundesliga23401. FFC 08 NiederkirchenNiederkirchen bei Deidesheim
3%
Jemals 1. oder 2. Bundesliga23401. FFC 08 NiederkirchenNiederkirchen bei Deidesheim
3%
Jemals 1. oder 2. Bundesliga1245TuS AhrbachRuppach-Goldhausen
3%
Jemals 1. Bundesliga1245TuS AhrbachRuppach-Goldhausen
3%
Jemals 1. Bundesliga2976TuS BinzenBinzen
1%
Jemals 1. oder 2. Bundesliga2976TuS BinzenBinzen
1%
Jemals 1. Bundesliga1961Schmalfelder SVSchmalfeld
1%
Jemals 1. oder 2. Bundesliga1961Schmalfelder SVSchmalfeld
1%
Jemals 1. Bundesliga4080SC Klinge SeckachSeckach
1%

Verteilung der Resultate

Perzentil nach korrekt beantworteten Fragen

Anzahl Personen mit jedem Resultat

Ihre Resultats-Entwicklung

Sie haben dieses Quiz noch nicht gespielt